1000 Keystrokes - One Minute Sprint - Statistics

General Stats
  • This quiz has been taken 322 times
  • The average score is 804 of 1000
Answer Stats
# % Correct
39
100%
40
100%
41
100%
42
100%
43
100%
10
99%
11
99%
12
99%
13
99%
14
99%
15
99%
16
99%
17
99%
18
99%
19
99%
2
99%
20
99%
21
99%
22
99%
23
99%
24
99%
25
99%
26
99%
28
99%
29
99%
3
99%
30
99%
31
99%
32
99%
33
99%
34
99%
35
99%
36
99%
37
99%
38
99%
4
99%
44
99%
45
99%
46
99%
47
99%
48
99%
49
99%
5
99%
50
99%
51
99%
52
99%
53
99%
54
99%
55
99%
56
99%
57
99%
58
99%
59
99%
6
99%
60
99%
7
99%
8
99%
9
99%
1
98%
101
98%
102
98%
103
98%
104
98%
27
98%
61
98%
62
98%
63
98%
64
98%
65
98%
66
98%
67
98%
68
98%
69
98%
70
98%
71
98%
72
98%
73
98%
74
98%
75
98%
76
98%
77
98%
78
98%
79
98%
80
98%
81
98%
82
98%
83
98%
84
98%
85
98%
86
98%
87
98%
88
98%
89
98%
90
98%
91
98%
100
97%
105
97%
92
97%
93
97%
94
97%
95
97%
96
97%
97
97%
98
97%
99
97%
106
96%
107
96%
108
96%
109
96%
110
96%
111
96%
112
96%
113
96%
114
96%
115
96%
116
96%
117
96%
118
96%
119
96%
120
96%
121
96%
122
96%
123
96%
124
96%
125
96%
126
96%
127
95%
128
95%
129
95%
130
95%
131
95%
132
95%
133
95%
134
95%
135
95%
136
95%
137
95%
138
95%
139
95%
140
95%
143
95%
144
95%
145
95%
146
95%
147
95%
148
95%
149
95%
150
95%
151
95%
152
95%
153
95%
154
95%
155
95%
156
95%
157
95%
158
95%
176
95%
177
95%
178
95%
179
95%
180
95%
141
94%
142
94%
159
94%
160
94%
161
94%
162
94%
163
94%
164
94%
165
94%
166
94%
167
94%
168
94%
169
94%
170
94%
171
94%
172
94%
173
94%
174
94%
175
94%
181
94%
182
94%
183
94%
184
94%
185
94%
186
94%
187
94%
188
94%
189
94%
190
94%
191
94%
192
94%
193
94%
194
94%
195
94%
196
94%
197
94%
198
94%
199
94%
200
94%
201
94%
202
94%
203
94%
204
94%
205
94%
206
94%
207
94%
208
94%
209
94%
210
94%
211
94%
212
94%
213
94%
214
94%
215
94%
216
94%
217
94%
218
94%
219
94%
220
94%
221
94%
222
94%
223
94%
224
94%
225
94%
226
94%
227
94%
228
94%
229
94%
230
94%
231
94%
232
94%
233
94%
234
94%
235
94%
236
94%
237
94%
238
94%
239
94%
240
94%
241
94%
242
94%
243
94%
244
94%
245
94%
246
93%
247
93%
248
93%
249
93%
250
93%
251
93%
252
93%
253
92%
254
92%
256
92%
257
92%
258
92%
259
92%
260
92%
261
92%
262
92%
263
92%
264
92%
265
92%
266
92%
267
92%
268
92%
269
92%
270
92%
271
92%
272
92%
273
92%
274
92%
275
92%
276
92%
277
92%
255
91%
278
91%
279
90%
280
90%
281
90%
282
90%
283
90%
284
90%
285
90%
286
90%
287
90%
288
90%
289
90%
290
90%
291
90%
292
90%
293
90%
294
90%
295
90%
296
90%
297
90%
298
90%
299
90%
300
90%
301
90%
302
90%
303
90%
304
90%
305
90%
306
90%
307
90%
308
90%
309
90%
310
90%
311
90%
312
90%
313
90%
314
90%
315
90%
316
90%
317
90%
318
90%
319
90%
320
90%
321
90%
322
90%
323
90%
324
90%
325
90%
326
90%
327
90%
328
90%
329
89%
330
89%
331
89%
332
89%
333
89%
334
89%
335
89%
336
89%
337
89%
338
89%
339
88%
340
88%
341
88%
342
88%
343
88%
344
88%
345
88%
346
88%
347
88%
348
88%
349
88%
350
88%
351
88%
352
88%
353
88%
354
88%
355
88%
356
87%
357
87%
358
87%
359
87%
360
87%
361
87%
362
87%
363
87%
364
87%
365
87%
366
87%
367
87%
368
87%
369
87%
370
86%
371
86%
372
86%
373
86%
374
86%
375
86%
376
86%
377
86%
378
86%
379
86%
380
86%
381
86%
382
86%
383
86%
384
86%
385
86%
386
86%
387
86%
388
85%
389
84%
390
84%
391
84%
392
84%
393
84%
394
84%
395
84%
396
84%
397
84%
398
84%
399
84%
400
84%
401
84%
402
84%
403
84%
404
84%
405
84%
406
83%
407
83%
408
83%
409
83%
410
83%
411
83%
412
83%
413
83%
414
83%
415
83%
416
83%
417
83%
418
83%
419
83%
420
83%
421
83%
422
83%
423
83%
424
83%
425
83%
426
83%
427
83%
428
83%
429
83%
430
83%
431
83%
432
83%
433
83%
434
83%
435
83%
436
83%
437
83%
438
83%
439
83%
440
83%
441
83%
442
83%
443
83%
444
83%
450
83%
451
83%
452
83%
453
83%
454
83%
455
83%
456
83%
457
83%
458
83%
445
82%
446
82%
447
82%
448
82%
449
82%
459
82%
460
82%
461
82%
462
82%
463
82%
464
82%
465
82%
466
82%
467
82%
468
82%
469
82%
470
82%
471
82%
472
82%
473
82%
474
82%
475
82%
476
82%
477
82%
478
81%
479
81%
480
81%
481
81%
482
81%
483
80%
484
80%
485
80%
486
80%
487
80%
488
80%
489
80%
490
80%
491
79%
492
79%
493
79%
494
79%
495
79%
496
79%
497
79%
498
79%
499
79%
500
79%
501
79%
502
79%
503
79%
504
79%
505
79%
506
79%
507
79%
508
79%
509
79%
510
79%
511
79%
512
79%
513
79%
514
79%
515
79%
516
79%
517
79%
518
79%
519
79%
520
79%
521
79%
522
79%
523
79%
524
79%
525
79%
526
79%
527
79%
528
79%
529
79%
530
79%
531
79%
532
79%
533
79%
534
79%
535
79%
536
79%
537
79%
538
79%
540
79%
541
79%
542
79%
543
79%
544
79%
545
79%
546
79%
547
79%
548
79%
549
79%
550
79%
551
79%
552
79%
553
79%
554
79%
555
79%
556
79%
557
79%
558
79%
559
79%
561
79%
562
79%
563
79%
564
79%
565
79%
566
79%
567
79%
568
79%
569
79%
570
79%
571
79%
572
79%
573
79%
574
79%
575
79%
576
79%
577
79%
578
79%
579
79%
580
79%
581
79%
582
79%
583
79%
584
79%
585
79%
586
79%
587
79%
588
79%
589
79%
590
79%
591
79%
592
79%
593
79%
594
79%
595
79%
596
79%
597
79%
598
79%
599
79%
600
79%
601
79%
602
79%
539
78%
560
78%
603
78%
604
78%
605
78%
606
78%
607
78%
608
78%
609
78%
610
78%
611
78%
612
78%
613
78%
614
78%
615
78%
616
78%
617
78%
618
78%
619
78%
620
78%
621
78%
622
78%
623
78%
624
78%
626
78%
627
78%
628
78%
629
78%
630
78%
631
78%
632
78%
633
78%
634
78%
635
78%
636
78%
637
78%
638
78%
639
78%
640
78%
641
78%
643
78%
644
78%
645
78%
646
78%
625
77%
642
77%
647
77%
648
77%
649
77%
650
77%
651
77%
652
77%
653
77%
654
77%
655
77%
656
77%
657
77%
658
77%
659
77%
660
77%
661
77%
662
77%
663
76%
664
76%
665
76%
666
76%
667
76%
668
76%
669
76%
671
76%
672
76%
670
75%
673
75%
674
75%
675
75%
676
75%
677
75%
678
75%
679
75%
680
75%
681
75%
682
75%
683
75%
684
75%
685
75%
686
75%
687
75%
688
75%
689
75%
690
75%
691
75%
692
75%
693
75%
694
75%
695
75%
696
75%
697
75%
698
74%
699
74%
700
73%
701
72%
702
72%
703
72%
704
72%
705
72%
706
72%
707
72%
708
72%
709
72%
710
72%
711
72%
712
71%
713
71%
714
71%
715
71%
716
71%
717
71%
718
71%
719
71%
720
71%
721
71%
722
71%
723
71%
724
71%
725
71%
726
71%
727
71%
728
71%
729
71%
730
71%
731
71%
732
71%
733
71%
734
71%
735
71%
736
71%
737
71%
738
71%
739
71%
740
71%
741
71%
742
71%
743
71%
744
71%
745
71%
746
71%
747
71%
748
71%
749
71%
750
71%
751
71%
752
71%
753
71%
754
71%
755
71%
756
71%
757
71%
758
71%
759
71%
760
71%
761
71%
762
71%
763
71%
764
71%
765
71%
766
71%
768
71%
769
71%
770
71%
771
71%
773
71%
774
71%
775
71%
776
71%
777
71%
778
71%
779
71%
767
70%
772
70%
780
70%
781
70%
782
70%
783
70%
784
70%
785
70%
786
70%
787
70%
788
69%
789
69%
790
69%
791
69%
792
69%
793
69%
794
69%
795
69%
796
69%
797
69%
798
69%
799
69%
800
68%
801
68%
802
67%
803
67%
804
67%
805
66%
806
66%
807
66%
808
66%
809
66%
810
66%
811
66%
812
66%
813
66%
814
66%
815
66%
816
66%
817
66%
818
66%
819
66%
820
66%
821
66%
822
66%
823
66%
824
66%
825
66%
826
66%
827
66%
828
66%
829
66%
830
66%
831
66%
832
65%
833
65%
834
65%
835
65%
836
65%
837
65%
838
65%
839
65%
840
65%
841
65%
842
65%
843
65%
844
65%
845
65%
846
65%
847
65%
848
65%
849
65%
850
65%
851
65%
852
65%
853
65%
854
65%
855
65%
856
65%
857
65%
858
64%
859
63%
860
63%
861
63%
862
63%
863
63%
864
63%
865
63%
866
63%
867
63%
869
63%
870
63%
871
63%
872
63%
873
63%
874
63%
876
63%
877
63%
878
63%
879
63%
880
63%
881
63%
882
63%
883
63%
884
63%
885
63%
886
63%
887
63%
888
63%
889
63%
890
63%
891
63%
892
63%
868
62%
875
62%
893
62%
894
62%
895
62%
896
62%
897
62%
898
62%
899
62%
900
62%
901
62%
902
62%
903
61%
904
61%
905
61%
907
61%
908
61%
906
60%
909
60%
910
60%
911
60%
912
60%
913
60%
914
60%
915
60%
916
60%
917
60%
918
60%
919
60%
920
60%
921
60%
922
60%
923
60%
924
60%
925
60%
926
60%
927
60%
928
60%
929
60%
930
60%
931
60%
932
60%
933
60%
934
60%
936
60%
937
60%
938
60%
939
60%
940
60%
941
60%
942
60%
943
60%
944
60%
945
60%
946
60%
947
60%
948
60%
949
60%
951
60%
935
59%
950
59%
952
59%
953
59%
954
59%
955
58%
956
58%
957
58%
958
57%
959
57%
960
57%
961
57%
962
57%
963
57%
964
57%
965
57%
966
57%
967
57%
968
57%
969
57%
970
57%
971
57%
972
56%
973
56%
974
56%
975
56%
976
56%
977
56%
978
55%
979
55%
980
55%
981
55%
982
55%
983
55%
1000
54%
984
54%
985
54%
986
54%
987
54%
988
54%
989
54%
990
54%
991
54%
992
54%
993
54%
994
54%
995
54%
996
54%
997
54%
998
54%
999
54%
No matching quizzes found
Score Distribution
Percent of People with Each Score
Percentile by Number Answered
Your Score History
You have not taken this quiz